000 00265nam a2200109Ia 4500
008 200302s9999 xx 000 0 und d
100 _aFaculty of Architecture
245 _aRSP Ujjain
260 _bCept University Press Ahmedabad
260 _c2012
300 _a21 P.,
999 _c3210
_d3210